000 00287nam a22001337a 4500
008 170306b xxu||||| |||| 00| 0 eng d
020 _a9780393974775
041 _aeng
080 _22ND
_a575
100 _a6
101 _aSHM
245 _aHOW HUMANS EVOLVED
_cBOYD, R
942 _2udc
_cBK
999 _c6900
_d6900